|
|
|
|
| LEADER |
00000cas a22000001a 4500 |
| 001 |
vtls010198742 |
| 003 |
SK-MaSNL |
| 005 |
20260228161148.0 |
| 008 |
170105c20102014xo qr p 0 b0slo c |
| 022 |
|
|
|a 1338-2861
|
| 040 |
|
|
|a SVKBB
|b slo
|c SVKBB
|d SAVUK
|e AACR2
|
| 041 |
0 |
|
|a slo
|a eng
|
| 044 |
|
|
|a xo
|c SK
|
| 072 |
|
7 |
|a 72
|x Architektúra
|2 konspekt
|
| 072 |
|
7 |
|a 7.01/.09
|x Umenie
|2 konspekt
|
| 080 |
|
|
|a 7.05
|2 2001
|
| 080 |
|
|
|a 72
|2 2001
|
| 080 |
|
|
|a 050
|2 2001
|
| 210 |
0 |
|
|a Archit. - des. - art
|b (Bratisl.)
|
| 222 |
|
0 |
|a Architecture - design - art
|b (Bratislava)
|
| 245 |
0 |
0 |
|a A + D
|b magazín o architektúre, dizajne, umení a firemnej kultúre
|
| 246 |
1 |
3 |
|a Architecture - design - art
|
| 246 |
1 |
3 |
|a A+D
|
| 260 |
|
|
|a Bratislava
|b Design in
|c 2010-2014
|
| 300 |
|
|
|a 5 zv.
|c 33 cm
|
| 310 |
|
|
|a 4x ročne
|
| 362 |
0 |
|
|a Č. 11 (okt./dec. 2010)-č. 15 (jún 2013) ; roč. 10, č. 16 (aug./jan. 2013/2014)-roč. 10, č. 18 (nov./mar. 2014/2015)
|
| 500 |
|
|
|a Prvé číslo (11) vyšlo ako špec. vyd. k festivalu Archdays 2010
|
| 500 |
|
|
|a Registračné č. MK SR: EV 4184/10
|
| 500 |
|
|
|a Redaktorka: Elena Kačaliaková
|
| 500 |
|
|
|a Pokračuje v elektronickej podobe: Ad magazín = ISSN 2454-0323
|
| 650 |
0 |
7 |
|a architektúra
|2 SNKPH
|9 722
|
| 650 |
0 |
7 |
|a dizajn
|2 SNKPH
|9 762
|
| 700 |
1 |
|
|a Kačaliaková, Elena
|4 pbd
|9 268113
|
| 780 |
0 |
0 |
|t Design!in
|x 1336-3921
|w vtls001482853
|
| 852 |
|
|
|a Štátna vedecká knižnica v Banskej Bystrici
|
| 910 |
|
|
|a savuk
|
| 910 |
|
|
|a snk
|
| 916 |
|
|
|a 2010-2014
|
| 999 |
|
|
|c 4517
|d 6447
|
| 952 |
|
|
|0 0
|1 0
|4 0
|7 0
|8 0
|a SNK
|b SNK
|d 2016-03-29
|f 1
|i snk2016/8116
|l 0
|o snkČSB 6107/2010
|p 17A1147262
|r 2026-02-21 22:09:15
|t č. 11
|w 2026-02-21
|y PREZ
|
| 952 |
|
|
|0 0
|1 0
|4 0
|7 0
|8 0
|a SNK
|b SNK
|d 2016-03-29
|i snk2016/8117
|l 0
|o snkČSB 6107/2010 D1
|p 17A1147263
|r 2026-02-21 22:09:15
|t č. 11
|w 2026-02-21
|y PREZ
|
| 952 |
|
|
|0 0
|1 0
|4 0
|7 0
|8 0
|a SNK
|b SNK
|d 2016-04-06
|f 1
|i snk2016/8791
|l 0
|o snkČSB 6107/2013
|p 17A1147268
|r 2026-02-21 22:09:22
|t č. 15-16
|w 2026-02-21
|y PREZ
|
| 952 |
|
|
|0 0
|1 0
|4 0
|7 0
|8 0
|a SNK
|b SNK
|d 2016-04-06
|i snk2016/8792
|l 0
|o snkČSB 6107/2013 D1
|p 17A1147269
|r 2026-02-21 22:09:22
|t č. 15-16
|w 2026-02-21
|y PREZ
|
| 952 |
|
|
|0 0
|1 0
|4 0
|7 0
|8 0
|a SNK
|b SNK
|d 2016-04-06
|f 1
|i snk2016/8795
|l 0
|o snkČSB 6107/2014
|p 17A1147270
|r 2026-02-21 22:09:22
|t č. 17-18
|w 2026-02-21
|y PREZ
|
| 952 |
|
|
|0 0
|1 0
|4 0
|7 0
|8 0
|a SNK
|b SNK
|d 2016-04-06
|i snk2016/8796
|l 0
|o snkČSB 6107/2014 D1
|p 17A1147271
|r 2026-02-21 22:09:22
|t č. 17-18
|w 2026-02-21
|y PREZ
|
| 952 |
|
|
|0 0
|1 0
|4 0
|7 0
|8 0
|a SNK
|b SNK
|d 2016-04-05
|f 1
|i snk2016/8688
|l 0
|o snkČSB 6107/2011
|p 17A1147264
|r 2026-02-21 22:09:27
|t č. 12
|w 2026-02-21
|y PREZ
|
| 952 |
|
|
|0 0
|1 0
|4 0
|7 0
|8 0
|a SNK
|b SNK
|d 2016-04-05
|i snk2016/8689
|l 0
|o snkČSB 6107/2011 D1
|p 17A1147265
|r 2026-02-21 22:09:27
|t č. 12
|w 2026-02-21
|y PREZ
|
| 952 |
|
|
|0 0
|1 0
|4 0
|7 0
|8 0
|a SNK
|b SNK
|d 2016-04-05
|f 1
|i snk2016/8692
|l 0
|o snkČSB 6107/2012
|p 17A1147266
|r 2026-02-21 22:09:27
|t č. 13-14
|w 2026-02-21
|y PREZ
|
| 952 |
|
|
|0 0
|1 0
|4 0
|7 0
|8 0
|a SNK
|b SNK
|d 2016-04-05
|i snk2016/8693
|l 0
|o snkČSB 6107/2012 D1
|p 17A1147267
|r 2026-02-21 22:09:27
|t č. 13-14
|w 2026-02-21
|y PREZ
|